De Westfalia a Cosmp̤olis Soberana̕, ciudadana̕, derechos humanos y justicia econm̤ica global /

Detalles Bibliográficos
Autor principal: Cortš Rodas, Francisco
Otros Autores: Piedrahita Ramr̕ez, Felipe
Formato: eBook
Lenguaje:español
Publicado: Bogot:̀ Siglo del Hombre Editores, 2011
Materias:
Acceso en línea:Acceso restringido

MARC

LEADER 00000nam a22000007a 4500
005 20210429211211.0
007 cr|||| ||||
008 210429s2011 co |||||s|||| 00||0 spa d
020 |a 978-958-665-174-5 
035 |a 33187 
040 |a vLex 
090 |c 11558  |d 11558 
100 1 |a Cortš Rodas, Francisco 
245 1 2 |a  De Westfalia a Cosmp̤olis  |h [Recurso electrn̤ico] :  |b Soberana̕, ciudadana̕, derechos humanos y justicia econm̤ica global /  |c Francisco Cortš Rodas, Felipe Piedrahita Ramr̕ez 
256 |a Servicio en ln̕ea 
260 |a Bogot:̀  |b Siglo del Hombre Editores,  |c 2011 
300 |a 1 recurso electrn̤ico 
500 |a Las distintas lecturas sobre el fenm̤eno de la globalizacin̤ estǹ de acuerdo en afirmar su carc̀ter desbordado, incontrolado y acelerado, que sus efectos son cada vez ms̀ imprevisibles y que sus consecuencias dejan ms̀ para lamentar que para celebrar. Los autores aąden un elemento central en la reflexin̤ filosf̤ica sobre el derecho, la polt̕ica y la moral: el problema de la justicia. Cuestionan de forma crt̕ica las teora̕s de justicia global que se proponen en la discusin̤ contemporǹea y que terminan reafirmando los principios fundamentales del sistema de dominacin̤ imperante. Libro en coedicin̤ con el Instituto de Filosofa̕ de la Universidad de Antioquia (Colombia). 
506 1 |a Disponible solo en los productos indicados  |d vLex Global  |d vLex Global (Academic Edition, excluding Law Schools)  |d vLex Global (U.S. Academic Edition, Law Schools)  |d vLex Global (U.S. Academic Edition, excluding Law Schools)  |d vLex Global (Academic Edition, Law Schools) 
650 0 4 |a Ciencias sociales  |z Colombia 
650 0 4 |a Humanidades  |z Colombia 
700 1 |a Piedrahita Ramr̕ez, Felipe 
740 0 |a vLex Libros (Servicio en ln̕ea) 
856 4 0 |u https://vlex.com/source/westfalia-a-cosmopolis-soberania-ciudadania-derechos-humanos-y-justicia-economica-global-33187  |z Acceso restringido 
942 |c BOOK 
999 0 |a Social Sciences 
999 0 |a Humanities